| 000 | 00676nam a2200253Ia 4500 | ||
|---|---|---|---|
| 003 | OSt | ||
| 005 | 20220918195807.0 | ||
| 006 | a|||||r|||| 00| 0 | ||
| 007 | ta | ||
| 008 | 220917b |||||||| |||| 00| 0 eng d | ||
| 024 | _a86,344 | ||
| 037 | _cTextual | ||
| 040 |
_aARTS _cARTS _beng |
||
| 041 |
_2eng _aeng |
||
| 082 | _aT:3 (P111), 1, M7 | ||
| 100 |
_aKeith G R _991552 |
||
| 245 | 0 | _aPrimary language learning with microcompouter | |
| 260 |
_aLondon _bCroom _c1987 |
||
| 300 |
_a162p. _ccm. |
||
| 650 | _aEDUCATION | ||
| 700 |
_a Glover M _991553 |
||
| 942 |
_hT:3 (P111), 1, M7 _cTEXL _2CC |
||
| 999 |
_c210041 _d210041 |
||